Thorin's Song Lyrics (The Hobbit) - Statistics

General Stats
  • This quiz has been taken 173 times
  • The average score is 18 of 40
Answer Stats
Answer % Correct
Far over the {misty} {mountains} cold
98%
Far over the {misty} {mountains} cold
98%
To {dungeons} {deep} and caverns old
89%
To {dungeons} {deep} and caverns old
89%
To claim our {long}-{forgotten} gold
85%
We must {away} ere break of day
85%
We must {away}, ere break of day
85%
We must {away}, ere break of day
85%
The {pines} were roaring on the height
57%
The {trees} like {torches} blazed with light
52%
The fire was red, it {flaming} {spread}
50%
And men they looked up with {faces} pale
47%
The winds were {moaning} in the night
45%
In places deep, where dark things {sleep}
42%
The {dwarves} of yore made mighty spells
41%
They fled their {hall} to dying fall
37%
There lay they long, and many a {song}
36%
The bells were ringing in the {dale}
35%
The dwarves they heard the tramp of {doom}
35%
They shaped and {wrought}, and light they caught
34%
While hammers fell like {ringing} {bells}
34%
To seek the {pale} {enchanted} gold
33%
Was sung unheard by {men} or {elves}
32%
The dragon’s ire more {fierce} than fire
31%
They meshed the light of {moon} and {sun}
31%
{Beneath} his feet, {beneath} the moon
30%
And {harps} of gold; where no man delves
29%
Goblets they {carved} there for themselves
29%
The {dragon}-{fire}, in twisted wire
28%
For ancient king and {elvish} {lord}
27%
Laid low their towers and {houses} {frail}
27%
On {silver} {necklaces} they strung
27%
To dungeons deep and {caverns} {dim}
26%
To hide in gems on {hilt} of {sword}
26%
In {hollow} {halls} beneath the fells
25%
Far over the misty mountains {grim}
24%
The flowering stars, on {crowns} they hung
24%
The mountain {smoked} beneath the moon
24%
There many a {gleaming} golden hoard
24%
To win our {harps} and {gold} from him
24%
No matching quizzes found
Score Distribution
Percent of People with Each Score
Percentile by Number Answered
Your Score History
You have not taken this quiz